| Поле | Инд. | ПП | Название | Значение |
|---|---|---|---|---|
| Тип записи | a | |||
| Библиографический уровень | b | |||
| 001 | Контрольный номер | f7b0b96e59b6464a8ed464e28fb4fae8 | ||
| 005 | Дата корректировки | 20240213085103.2 | ||
| 024 | 80 | a | Стандартный номер | 10.1088/1361-6471/acff7b |
| 040 | a | Служба первич. каталог. | Scopus | |
| 041 | 0_ | a | Код языка текста | eng |
| 097 | a | Костяева О.Г. | ||
| 100 | 1_ | a | Автор | Arbuzov A. B. |
| c | Титул (звания) | ; доктор физико-математических наук; профессор (должность); | ||
| i | 000091216 | |||
| j | Принадлежность неизвестного автора к последователям, ученикам, сторонникам, школе и т. д. | государственный университет "Дубна" | ||
| k | Кафедра фундаментальных проблем физики микромира; Кафедра высшей математики; Инженерно-физический институт; Общеобразовательные кафедры | |||
| q | Полное имя | Арбузов Андрей Борисович | ||
| u | Дополнение | Арбузов А. Б.; Arbuzov A. B. | ||
| g | Прочие сведения | РИНЦ AuthorID: 30344 (http://elibrary.ru/author_profile.asp?id= 30344); SPIN-код: 7532-6733 (http://elibrary.ru/author_items.asp?authorid=30344); Scopus Author ID: 7003440887 (https://www.scopus.com/authid/detail.uri?authorId=7003440887); ORCID ID: http://orcid.org/0000-0001-9326-6905; ResearcherID: J-6073-2013(http://www.researcherid.com/rid/J-6073-2013) | ||
| 100 | 1_ | a | Автор | Voznaya U. E. |
| j | Принадлежность неизвестного автора к последователям, ученикам, сторонникам, школе и т. д. | государственный университет "Дубна" | ||
| c | Титул (звания) | ассистент; | ||
| k | Общеобразовательные кафедры; Кафедра высшей математики | |||
| q | Полное имя | Возная Ульяна Евгеньевна | ||
| 245 | 10 | a | Заглавие | Unpolarized QED parton distribution functions in NLO |
| 513 | a | передано и. о. проректора по научной работе и инновациям | ||
| b | 09.02.2024 | |||
| 773 | 18 | t | Название источника | Journal of Physics G: Nuclear and Particle Physics |
| b | Сведения об издании | Institute of Physics and IOP Publishing Ltd. | ||
| x | ISSN | 0954-3899; 1361-6471 | ||
| c | United Kingdom | |||
| d | Место и дата издания | 2023 | ||
| m | Специф. данные | входит в Белый список; входит в Scopus;входит в WoS;Входит в ядро РИНЦ;зарубежный журнал;ненулевой импакт-фактор | ||
| g | Прочая информация | V. 50 (12).- P. 125004 | ||
| w | Контрольный № источника | ef8e195b47054011a70e823af1bdce48 | ||
| p | J. Phys. G-Nucl. Part. Phys. | |||
| o | Прочие индексы | scopus 1.36 | ||
| q | У1 Белый список; Q1 Scopus 2022 | |||
| 901 | t | Тип документа | b | |
| 952 | c | Вид литературы | статья в журнале |